Every Single Town in Washington State - Statistics

General Stats
  • This quiz has been taken 200 times
  • The average score is 50 of 212
Answer Stats
Hint Town % Correct
Seattle
90%
Tacoma
82%
Spokane
80%
Olympia
76%
Bellevue
71%
Yakima
71%
Vancouver
69%
Bellingham
65%
Walla Walla
64%
Everett
63%
Pullman
58%
Renton
58%
Kent
57%
Aberdeen
56%
Redmond
51%
Wenatchee
51%
Federal Way
50%
Puyallup
50%
Auburn
49%
Forks
49%
Kennewick
49%
Port Angeles
49%
Issaquah
48%
Pasco
47%
Kirkland
46%
Ellensburg
45%
Richland
45%
Marysville
44%
Spokane Valley
44%
Bremerton
43%
Port Townsend
43%
Long Beach
39%
Snohomish
39%
Snoqualmie
39%
Centralia
38%
Chelan
38%
Leavenworth
38%
Moses Lake
38%
Mount Vernon
38%
North Bend
38%
Bothell
37%
Edmonds
37%
Longview
37%
Lakewood
36%
Sequim
36%
Anacortes
35%
Blaine
35%
Chehalis
35%
Cle Elum
35%
Gig Harbor
35%
Ocean Shores
35%
Port Orchard
35%
SeaTac
35%
Shoreline
35%
Des Moines
34%
Lynnwood
34%
Sammamish
34%
Okanogan
33%
Tukwila
33%
Arlington
32%
Burien
32%
Enumclaw
32%
Lacey
31%
Fife
29%
Hoquiam
29%
Kelso
29%
Monroe
29%
Oak Harbor
29%
Yelm
29%
George
28%
Ferndale
27%
Mercer Island
27%
Poulsbo
27%
Tumwater
27%
Bainbridge Island
26%
Burlington
26%
Mukilteo
26%
Omak
25%
Shelton
25%
Cheney
24%
Colfax
24%
Lynden
24%
Woodinville
24%
Camas
23%
Othello
23%
Ritzville
23%
Battle Ground
22%
Mountlake Terrace
22%
Clarkston
21%
Lake Stevens
21%
Rainier
21%
Raymond
21%
Sumner
21%
University Place
21%
Asotin
20%
DuPont
20%
Montesano
20%
Quincy
20%
Gold Bar
19%
Maple Valley
19%
Bonney Lake
18%
Elma
18%
Ephrata
18%
Roy
18%
Sultan
18%
Sunnyside
18%
Westport
18%
Cashmere
17%
Covington
17%
Sedro-Woolley
17%
Black Diamond
16%
Carnation
16%
Goldendale
16%
Prosser
16%
Tenino
16%
Buckley
15%
Castle Rock
15%
Duvall
15%
East Wenatchee
15%
Mill Creek
15%
Newport
15%
Toppenish
15%
Washougal
15%
Grand Coulee
14%
Kenmore
14%
Stanwood
14%
Vader
14%
Brewster
13%
Dayton
13%
Deer Park
13%
Granite Falls
13%
Ilwaco
13%
Oroville
13%
Orting
13%
Pacific
13%
Palouse
13%
Pomeroy
13%
Selah
13%
South Bend
13%
Sumas
13%
Woodland
13%
Zillah
13%
Algona
12%
Davenport
12%
Kalama
12%
Kettle Falls
12%
Kittitas
12%
Milton
12%
Newcastle
12%
Republic
12%
Ridgefield
12%
Roslyn
12%
Lake Forest Park
11%
Royal City
11%
Soap Lake
11%
Tonasket
11%
White Salmon
11%
Benton City
10%
Bridgeport
10%
Chewelah
10%
Medical Lake
10%
Medina
10%
Mossyrock
10%
Napavine
10%
Nooksack
10%
Ruston
10%
Stevenson
10%
Toledo
10%
Union Gap
10%
Winlock
10%
Connell
9%
Electric City
9%
Fircrest
9%
La Center
9%
Morton
9%
Grandview
8%
Oakville
8%
Sprague
8%
Wapato
8%
Airway Heights
7%
Brier
7%
Clyde Hill
7%
Cosmopolis
7%
Everson
7%
Langley
7%
Mabton
7%
Mattawa
7%
McCleary
7%
Pateros
7%
Tekoa
7%
Warden
7%
College Place
6%
Edgewood
6%
Entiat
6%
Granger
6%
Normandy Park
6%
West Richland
6%
Harrington
5%
Liberty Lake
5%
Spangle
5%
Tieton
5%
Woodway
5%
Bingen
4%
Mesa
4%
Millwood
4%
Moxee
4%
North Bonneville
4%
Waitsburg
4%
Kahlotus
3%
Prescott
3%
Rock Island
3%
Coleville
1%
No matching quizzes found
Score Distribution
Percent of People with Each Score
Percentile by Number Answered
Your Score History
You have not taken this quiz